Largest California Cities with Non-Spanish Names - Statistics

General Stats
  • This quiz has been taken 105 times
  • The average score is 9 of 20
Answer Stats
City Population % Correct
Oakland 433,823
92%
Bakersfield 407,615
85%
Long Beach 456,062
82%
Anaheim 345,940
78%
Riverside 317,261
74%
Stockton 322,120
69%
Irvine 309,031
60%
Fremont 227,514
50%
Huntington Beach 196,652
43%
Oxnard 201,879
38%
Oceanside 172,982
36%
Glendale 192,366
35%
Ontario 177,963
34%
Hayward 159,827
29%
Lancaster 170,150
29%
Palmdale 165,761
26%
Garden Grove 170,488
21%
Elk Grove 178,997
20%
Fontana 210,761
20%
Sunnyvale 152,258
19%
No matching quizzes found
Score Distribution
Percent of People with Each Score
Percentile by Number Answered
Your Score History
You have not taken this quiz